[Event "FISU World University"]
[Site "Tornelo INT"]
[Date "2020.10.27"]
[Round "4.13"]
[White "Garcia De Dios, Jose Antonio"]
[Black "Azman Hisham, Nur Najiha"]
[Result "1-0"]
[WhiteElo "2206"]
[BlackElo "1975"]
[PlyCount "73"]
[EventDate "2020.10.26"]
[EventType "team-swiss (rapid)"]
[EventRounds "9"]
[EventCountry "NET"]
[SourceTitle "CBM 199 Extra"]
[Source "ChessBase"]
[SourceDate "2021.01.31"]
[SourceVersion "1"]
[SourceVersionDate "2021.01.31"]
[SourceQuality "1"]
[WhiteTeam "Mexico III"]
[BlackTeam "Malaysia II"]
[WhiteTeamCountry "MEX"]
[BlackTeamCountry "MAS"]

1. d4 Nf6 2. c4 e6 3. Nf3 b6 4. g3 Ba6 5. b3 d5 6. Bg2 Bb4+ 7. Bd2 Be7 8. 0-0 0-0 9. cxd5 exd5 10. Nc3 c5 11. dxc5 bxc5 12. Rc1 Nbd7 13. Bf4 d4 14. Na4 Rc8 15. Re1 Nh5 16. Bd2 Re8 17. e3 d3 18. Nb2 Bf6 19. Bc3 Bxc3 20. Rxc3 Ndf6 21. Nc4 Bxc4 22. bxc4 Qa5 23. Rxd3 Rb8 24. Qc2 Ne4 25. Red1 Nhf6 26. Nd2 Ng5 27. Nb3 Qc7 28. h4 Nge4 29. Bxe4 Rxe4 30. Rd7 Nxd7 31. Qxe4 Ne5 32. Rd5 Ng6 33. Nxc5 Nf8 34. Qf4 Rb1+ 35. Kh2 Qa5 36. Nd3 Qd2 37. Ne5 1-0

[Event "Kuala Lumpur Inter Varsity-ch"]
[Site "Kuala Lumpur"]
[Date "2020.02.10"]
[Round "1"]
[White "Saleh, Anis Fariha"]
[Black "Azman Hisham, Nur Najiha"]
[Result "0-1"]
[WhiteElo "1501"]
[BlackElo "1987"]
[PlyCount "52"]
[EventDate "2020.02.10"]
[EventType "swiss"]
[EventRounds "9"]
[EventCountry "MAS"]
[SourceTitle "CBM 195 Extra"]
[Source "ChessBase"]
[SourceDate "2020.05.31"]
[SourceVersion "1"]
[SourceVersionDate "2020.05.31"]
[SourceQuality "1"]

1. e4 c5 2. g3 Nc6 3. Bg2 g6 4. Ne2 Bg7 5. c3 e5 6. 0-0 Nge7 7. d3 0-0 8. h3 d5 9. f4 Be6 10. Qc2 Rc8 11. Nd2 c4 12. fxe5 cxd3 13. Qxd3 Qb6+ 14. Kh2 Nxe5 15. Qb1 dxe4 16. Nxe4 Bc4 17. Qc2 Bd3 18. Qd2 Nf5 19. Rd1 Bxe4 20. Bxe4 Qf2+ 21. Kh1 Nf3 22. Bxf3 Qxf3+ 23. Kh2 Qf2+ 24. Kh1 Rfe8 25. Re1 Rxe2 26. Rxe2 Nxg3# 0-1

[Event "Eastern Asia-ch U20 Girls"]
[Site "Tagaytay CIty"]
[Date "2017.06.01"]
[Round "6.1"]
[White "Azman Hisham, Nur Najiha"]
[Black "Chu, Ruotong"]
[Result "0-1"]
[WhiteElo "2025"]
[BlackElo "2251"]
[PlyCount "68"]
[EventDate "2017.05.27"]
[EventType "swiss"]
[EventRounds "9"]
[EventCountry "PHI"]
[SourceTitle "EXT 2024"]
[Source "ChessBase"]
[SourceDate "2023.10.10"]
[SourceVersion "1"]
[SourceVersionDate "2023.10.10"]
[SourceQuality "1"]

1. d4 Nf6 2. c4 g6 3. Nc3 d5 4. cxd5 Nxd5 5. e4 Nxc3 6. bxc3 Bg7 7. Be3 c5 8. Qd2 0-0 9. Nf3 Bg4 10. Be2 Nc6 11. d5 Qa5 12. Rc1 Rad8 13. 0-0 Bxf3 14. Bxf3 c4 15. Qb2 Ne5 16. Qxb7 Rd7 17. Qb4 Qxa2 18. Ra1 Nxf3+ 19. gxf3 Qe2 20. Rxa7 Rxa7 21. Bxa7 Qxf3 22. Qxe7 Bf6 23. Qc5 Qg4+ 24. Kh1 Qxe4+ 25. f3 Qd3 26. Kg2 Rd8 27. Re1 Qd2+ 28. Kf1 Qxc3 29. Re3 Qc1+ 30. Re1 Qf4 31. Re3 Kg7 32. Bb6 Ra8 33. Ba7 Rxa7 34. Qxa7 Bd4 0-1

[Event "Eastern Asia-ch U20 Girls"]
[Site "Tagaytay CIty"]
[Date "2017.05.29"]
[Round "3.2"]
[White "Mendoza, Shania Mae"]
[Black "Azman Hisham, Nur Najiha"]
[Result "0-1"]
[WhiteElo "2019"]
[BlackElo "2025"]
[PlyCount "121"]
[EventDate "2017.05.27"]
[EventType "swiss"]
[EventRounds "9"]
[EventCountry "PHI"]
[SourceTitle "EXT 2024"]
[Source "ChessBase"]
[SourceDate "2023.10.10"]
[SourceVersion "1"]
[SourceVersionDate "2023.10.10"]
[SourceQuality "1"]

1. e4 c5 2. Nf3 g6 3. c3 Bg7 4. d4 cxd4 5. cxd4 d5 6. e5 Nh6 7. h3 0-0 8. Be2 Nc6 9. 0-0 Bf5 10. Nc3 Be4 11. Ne1 Qb6 12. f3 Nxd4 13. Kh1 Nxe2 14. Qxe2 Bf5 15. Bg5 Be6 16. g4 f6 17. exf6 exf6 18. Be3 Qa6 19. Qxa6 bxa6 20. Rd1 Rfd8 21. Nc2 f5 22. Bxh6 Bxh6 23. Nd4 Rd6 24. Rfe1 Kf7 25. Nxe6 Rxe6 26. Nxd5 Rxe1+ 27. Rxe1 Rd8 28. Nc3 Rd7 29. gxf5 gxf5 30. Re5 Kf6 31. Ra5 Rd6 32. Nd5+ Ke5 33. Ne7+ Kf4 34. Rxf5+ Kg3 35. Rd5 Re6 36. Nf5+ Kxh3 37. Kg1 Bc1 38. Kf2 Rg6 39. Ng3 Be3+ 40. Kxe3 Kxg3 41. f4 Kg4 42. Ke4 h5 43. f5 Rb6 44. b3 Kg5 45. f6+ Kg6 46. f7 Rf6 47. Ra5 Rxf7 48. Rxa6+ Kg5 49. Rc6 h4 50. Rc1 h3 51. a4 Kg4 52. Rg1+ Kh4 53. b4 h2 54. Rh1 Kg3 55. Kd5 Rf4 56. Kc5 Kg2 57. Rxh2+ Kxh2 58. Kb5 Kg3 59. a5 Rf6 60. Kc5 a6 61. b5 0-1

[Event "Olympiad Women-42"]
[Site "Baku"]
[Date "2016.09.09"]
[Round "7.4"]
[White "Azman Hisham, Nur Najiha"]
[Black "Hapala, Elisabeth"]
[Result "1/2-1/2"]
[WhiteElo "1973"]
[BlackElo "2021"]
[PlyCount "122"]
[EventDate "2016.09.02"]
[EventType "team-swiss"]
[EventRounds "11"]
[EventCountry "AZE"]
[SourceTitle "CBM 174 Extra"]
[Source "ChessBase"]
[SourceDate "2016.10.10"]
[SourceVersion "1"]
[SourceVersionDate "2016.10.10"]
[SourceQuality "1"]
[WhiteTeam "Malaysia (W)"]
[BlackTeam "Austria (W)"]
[WhiteTeamCountry "MAS"]
[BlackTeamCountry "AUT"]

1. d4 d5 2. c4 c6 3. e3 Nf6 4. Nc3 g6 5. Bd3 Bg7 6. h3 0-0 7. Nf3 e6 8. 0-0 Nbd7 9. b4 dxc4 10. Bxc4 Nd5 11. Qb3 Nxc3 12. Qxc3 b6 13. e4 c5 14. Be3 Bb7 15. Nd2 Rc8 16. bxc5 bxc5 17. Rab1 Nb6 18. e5 cxd4 19. Bxd4 Nxc4 20. Nxc4 Bd5 21. Rb4 Qc7 22. Rc1 Bh6 23. Rc2 Be4 24. Re2 Bd5 25. Rc2 Qd7 26. Qd3 Bxc4 27. Rbxc4 Rxc4 28. Rxc4 Rd8 29. Qc3 Bf8 30. Qa5 Qd5 31. Qxd5 Rxd5 32. Kf1 Ra5 33. a4 h5 34. f4 Bh6 35. g3 Bf8 36. Kf2 Be7 37. Ke3 Bf8 38. g4 hxg4 39. hxg4 Kg7 40. Ke4 Kg8 41. Kd3 Rd5 42. Rc8 Kg7 43. Kc4 Ra5 44. Kb3 a6 45. Bb6 Rd5 46. Bd8 Kh7 47. Bf6 Bg7 48. Be7 Rd4 49. Rc4 Rd7 50. Bh4 Bf8 51. Kc3 Be7 52. Bxe7 Rxe7 53. g5 Rd7 54. Rc6 a5 55. Kc4 Rb7 56. Kd4 Kg7 57. Rc4 Kf8 58. Kc5 Ke7 59. Rd4 Rb1 60. Kc6 Rb4 61. Kc5 Rb1 1/2-1/2

[Event "Penang op 6th"]
[Site "Penang"]
[Date "2014.12.12"]
[Round "8"]
[White "Azman Hisham, Nur Najiha"]
[Black "Leong, Ignatius"]
[Result "1/2-1/2"]
[WhiteElo "1967"]
[BlackElo "2100"]
[PlyCount "44"]
[EventDate "2014.12.08"]
[EventType "swiss"]
[EventRounds "9"]
[EventCountry "MAS"]
[SourceTitle "CBM 163 Extra"]
[Source "ChessBase"]
[SourceDate "2014.12.23"]
[SourceVersion "1"]
[SourceVersionDate "2014.12.23"]
[SourceQuality "1"]

1. d4 d5 2. c4 c6 3. Nc3 Nf6 4. Nf3 Bf5 5. Qb3 Qb6 6. Qxb6 axb6 7. cxd5 Nxd5 8. Nxd5 cxd5 9. e3 f6 10. Bd2 Nc6 11. Bc3 e6 12. Bb5 Bd6 13. 0-0 0-0 14. h3 Bg6 15. a3 Be8 16. b4 Bd7 17. Rfd1 Rfc8 18. Bb2 Kf8 19. Rac1 Ke8 20. Rc2 Ne7 21. Bd3 f5 22. Rdc1 Rxc2 1/2-1/2

[Event "Penang op 6th"]
[Site "Penang"]
[Date "2014.12.10"]
[Round "4"]
[White "Azman Hisham, Nur Najiha"]
[Black "Bagamasbad, Efren"]
[Result "1-0"]
[WhiteElo "1967"]
[BlackElo "2202"]
[PlyCount "109"]
[EventDate "2014.12.08"]
[EventType "swiss"]
[EventRounds "9"]
[EventCountry "MAS"]
[SourceTitle "CBM 163 Extra"]
[Source "ChessBase"]
[SourceDate "2014.12.23"]
[SourceVersion "1"]
[SourceVersionDate "2014.12.23"]
[SourceQuality "1"]

1. d4 e6 2. c4 Bb4+ 3. Bd2 Qe7 4. Nf3 b6 5. g3 Bb7 6. Bg2 f5 7. 0-0 Bxd2 8. Nfxd2 Bxg2 9. Kxg2 Nf6 10. f4 0-0 11. Nc3 Nc6 12. Nf3 Qb4 13. Qb3 a6 14. Qxb4 Nxb4 15. Rfc1 Ng4 16. Nd1 c5 17. h3 Nf6 18. Nf2 d6 19. a3 Nc6 20. Rd1 Rad8 21. e3 Rfe8 22. Re1 g6 23. Rad1 h6 24. e4 fxe4 25. Nxe4 Nxe4 26. Rxe4 Kf7 27. Kf2 d5 28. cxd5 Rxd5 29. Rc1 Nxd4 30. Nxd4 cxd4 31. Rc6 d3 32. Ke1 a5 33. Kd2 Re7 34. Rxb6 Rc7 35. Rexe6 Rc2+ 36. Kd1 d2 37. Rf6+ Ke7 38. Rbe6+ Kd7 39. Rd6+ Rxd6 40. Rxd6+ Kxd6 41. Kxc2 Kd5 42. Kxd2 Ke4 43. Kc3 Kf3 44. b4 axb4+ 45. axb4 Kxg3 46. b5 Kxh3 47. b6 Kg4 48. b7 Kxf4 49. b8Q+ Kg4 50. Kd3 h5 51. Ke2 h4 52. Kf2 Kh3 53. Qb3+ Kh2 54. Qf3 h3 55. Qg3+ 1-0

[Event "Penang op 6th"]
[Site "Penang"]
[Date "2014.12.09"]
[Round "3"]
[White "Tan, Khai Boon"]
[Black "Azman Hisham, Nur Najiha"]
[Result "1/2-1/2"]
[WhiteElo "2144"]
[BlackElo "1967"]
[PlyCount "82"]
[EventDate "2014.12.08"]
[EventType "swiss"]
[EventRounds "9"]
[EventCountry "MAS"]
[SourceTitle "CBM 163 Extra"]
[Source "ChessBase"]
[SourceDate "2014.12.23"]
[SourceVersion "1"]
[SourceVersionDate "2014.12.23"]
[SourceQuality "1"]

1. d4 Nf6 2. c4 c5 3. d5 d6 4. Nc3 g6 5. g3 Bg7 6. Bg2 0-0 7. f4 e6 8. dxe6 fxe6 9. Nh3 Nc6 10. 0-0 Rb8 11. Rb1 a6 12. Qd3 Qc7 13. Rd1 Rd8 14. a3 Ne7 15. e4 Nc6 16. Nf2 Nd4 17. b4 b5 18. bxc5 dxc5 19. e5 Ne8 20. Nfe4 Bb7 21. Qf1 Bc6 22. Be3 b4 23. axb4 cxb4 24. Bxd4 bxc3 25. Rxb8 Qxb8 26. Bxc3 Bxe4 27. Rxd8 Qxd8 28. Bxe4 Bf8 29. Kg2 Ng7 30. Qd3 Qc7 31. h4 a5 32. Bd4 a4 33. c5 Bxc5 34. Qc4 Bb6 35. Qxc7 Bxc7 36. Bc5 Nf5 37. Bc6 a3 38. Bxa3 Kf7 39. Bc5 Ba5 40. Bf2 h5 41. Kf3 Nh6 1/2-1/2

[Event "Olympiad Women-41"]
[Site "Tromsoe"]
[Date "2014.08.09"]
[Round "7.3"]
[White "Azman Hisham, Nur Najiha"]
[Black "Grillon, Charline"]
[Result "1-0"]
[WhiteElo "1886"]
[BlackElo "1734"]
[PlyCount "57"]
[EventDate "2014.08.02"]
[EventType "team-swiss"]
[EventRounds "11"]
[EventCountry "NOR"]
[SourceTitle "CBM 162"]
[Source "ChessBase"]
[SourceDate "2014.09.17"]
[SourceVersion "1"]
[SourceVersionDate "2014.09.17"]
[SourceQuality "1"]
[WhiteTeam "Malaysia (W)"]
[BlackTeam "Monaco (W)"]
[WhiteTeamCountry "MAS"]
[BlackTeamCountry "MNC"]

1. d4 d5 2. c4 e6 3. Nf3 Nf6 4. Bg5 Be7 5. Nc3 0-0 6. Qc2 b6 7. cxd5 exd5 8. e3 Bb7 9. Bd3 h6 10. Bh4 Nbd7 11. 0-0 Rc8 12. Nb5 c6 13. Nxa7 Rc7 14. Bg3 Ba6 15. Bxc7 Qxc7 16. Nxc6 Nb8 17. Nxe7+ Qxe7 18. Bxa6 Nxa6 19. Rfc1 b5 20. Qc6 Qa7 21. Qxb5 Rb8 22. Qa5 Qb7 23. a3 Ra8 24. b4 Nb8 25. Qd8+ Kh7 26. Rc8 Kg6 27. Ne5+ Kh5 28. Rc7 Qxb4 29. g4+ 1-0

[Event "Kuala Lumpur Masters (Women)"]
[Site "Kuala Lumpur"]
[Date "2013.06.24"]
[Round "5"]
[White "Azman Hisham, Nur Najiha"]
[Black "Azhar, Puteri Rifqah Fahad"]
[Result "0-1"]
[WhiteElo "1935"]
[BlackElo "1855"]
[PlyCount "138"]
[EventDate "2013.06.22"]
[EventType "tourn"]
[EventRounds "7"]
[EventCountry "MAS"]
[SourceTitle "CBM 155 Extra"]
[Source "ChessBase"]
[SourceDate "2013.08.26"]
[SourceVersion "1"]
[SourceVersionDate "2013.08.26"]
[SourceQuality "1"]

1. d4 d5 2. c4 c6 3. Nc3 g6 4. e3 Bg7 5. Qc2 Nh6 6. cxd5 cxd5 7. Nxd5 Nc6 8. Nc3 0-0 9. a3 Bf5 10. Bd3 Bxd3 11. Qxd3 e6 12. Nge2 Nf5 13. 0-0 Qd7 14. b4 Rac8 15. Rd1 Rfd8 16. Qc2 Nce7 17. Qb3 Nd5 18. Bb2 Nb6 19. Rac1 Nd6 20. h3 Qe7 21. a4 Ndc4 22. a5 Nxb2 23. Qxb2 Nc4 24. Qb3 Bf8 25. Na2 Nd6 26. Nf4 Rxc1 27. Rxc1 Rc8 28. Rxc8 Nxc8 29. Qc2 Qd7 30. Nd3 Nd6 31. Nb2 Qb5 32. Qd3 Qd5 33. Nc1 Nb5 34. e4 Qxd4 35. Qxd4 Nxd4 36. Nbd3 Nb5 37. Kf1 Be7 38. e5 Kf8 39. Nb3 Ke8 40. Nbc5 Bxc5 41. Nxc5 b6 42. axb6 axb6 43. Na4 Nd4 44. f4 b5 45. Nc3 Nc2 46. Na2 Ne3+ 47. Kf2 Nd5 48. Kf3 Ke7 49. g3 Kd7 50. Ke4 Kc6 51. g4 Kd7 52. f5 Kc6 53. f6 g5 54. Kf3 h6 55. Ke4 Kb6 56. Kd4 Kc6 57. Ke4 Kd7 58. Nc1 Nxb4 59. Nb3 Nd5 60. Nc5+ Ke8 61. Kf3 b4 62. Kg3 Ne3 63. h4 Nc4 64. hxg5 hxg5 65. Nb3 Nxe5 66. Nd2 Nd7 67. Ne4 b3 68. Kf3 b2 69. Nc3 Nxf6 0-1

[Event "Wch U14 Girls"]
[Site "Maribor"]
[Date "2012.11.10"]
[Round "3.4"]
[White "Gal, Hanna Krisztina"]
[Black "Azman Hisham, Nur Najiha"]
[Result "1/2-1/2"]
[WhiteElo "2012"]
[BlackElo "1905"]
[PlyCount "185"]
[EventDate "2012.11.08"]
[EventType "swiss"]
[EventRounds "11"]
[EventCountry "SLO"]
[SourceTitle "EXT 2013"]
[Source "ChessBase"]
[SourceDate "2012.11.22"]
[SourceVersion "1"]
[SourceVersionDate "2012.11.22"]
[SourceQuality "1"]

1. e4 c5 2. Nf3 e6 3. c4 Nc6 4. d4 cxd4 5. Nxd4 Nf6 6. Nc3 Bb4 7. Nxc6 bxc6 8. Bd3 Qc7 9. 0-0 0-0 10. Qe2 d6 11. Na4 c5 12. a3 Ba5 13. Be3 Qc6 14. e5 Bb7 15. f3 Nd7 16. Qc2 Nxe5 17. Bxh7+ Kh8 18. Be4 d5 19. cxd5 exd5 20. Bf5 Nc4 21. Bxc5 Bb6 22. Bf2 Bxf2+ 23. Qxf2 g6 24. Bc2 Rac8 25. Rac1 Qf6 26. Nc5 Bc6 27. b4 Nxa3 28. Bb3 Rfd8 29. Rfd1 Kg8 30. Rd3 Qf4 31. Rcd1 Qxb4 32. Ne4 Qe7 33. Nc3 Nb5 34. Nxb5 Bxb5 35. Rxd5 Rxd5 36. Bxd5 Rd8 37. Re1 Qb4 38. Be4 a5 39. h4 Rd2 40. Qg3 Qd4+ 41. Kh2 Qf2 42. Rb1 Qxg3+ 43. Kxg3 Bd7 44. Rb8+ Kg7 45. Ra8 a4 46. Ra7 Kf6 47. Kf4 Bb5 48. g4 Rd6 49. Ra5 Rb6 50. Ke3 Bd7 51. Ra7 Rd6 52. Bc2 Re6+ 53. Kf2 Bb5 54. Bxa4 Bxa4 55. Rxa4 Re5 56. Kg3 Rc5 57. Kf4 Rb5 58. g5+ Kg7 59. Re4 Kf8 60. Re5 Rb4+ 61. Kg3 Rc4 62. Re4 Rc5 63. Kg4 Rc1 64. Rd4 Ke7 65. Kf4 Rc5 66. Re4+ Kf8 67. Re1 Rc4+ 68. Kg3 Rc5 69. f4 Rc2 70. Rh1 Kg7 71. h5 gxh5 72. Rxh5 Rc5 73. Rh1 Ra5 74. Re1 Rb5 75. Kg4 Rc5 76. Re4 Rc2 77. Kf5 Rc5+ 78. Re5 Rc4 79. Ra5 Rc1 80. Ra6 Rc5+ 81. Kg4 Rc1 82. Ra3 Rc4 83. Rf3 Kg6 84. Re3 Rb4 85. Rd3 Ra4 86. Rd6+ Kg7 87. Rf6 Ra5 88. Rf5 Ra3 89. Re5 Ra4 90. Kf5 Rb4 91. Ra5 Rc4 92. Rb5 Ra4 93. Rc5 1/2-1/2